000 01009cam a2200253 a 4500
001 000004648
005 20200929151457.0
008 090724s2001 pr 001 e spa d
020 _a1563281600
040 _aDO-SdBNP
_cViU
_dOCoLC
_dDLC
082 _aPR864.4
_bP371i
100 1 _aPedreira, Antonio Salvador,
_d1899-1939
_913569
245 1 0 _aInsularismo :
_bensayos de interpretación puertorriqueña /
_cAntonio S. Pedreira ; edición de Mercedes López-Baralt.
260 _aSan Juan, Puerto Rico :
_bPlaza Mayor,
_c2001.
300 _a226, [6] p. ;
_c21 cm.
490 1 _aClásicos comentados de la literatura puertorriqueña
504 _aIncluye referencias bibliográficas (p. 219-222).
650 4 _aEnsayos puertorriqueños
_98892
650 4 _aLiteratura puertorriqueña
_9250
651 4 _aPuerto Rico
_xCivilización
_913570
700 1 _aLópez-Baralt, Mercedes,
_eed.
_912262
830 0 _aClásicos comentados de la literatura puertorriqueña
_913571
910 _aCatalogación por copia / LC
999 _c4454
_d4454